Building services design methodology (Record no. 100431)

MARC details
000 -LEADER
fixed length control field 01004cam a2200241 4500
008 - FIXED-LENGTH DATA ELEMENTS--GENERAL INFORMATION
fixed length control field 000000n2000 000 0 eng u
020 ## - INTERNATIONAL STANDARD BOOK NUMBER
International Standard Book Number 0419252800
035 ## - SYSTEM CONTROL NUMBER
System control number (Sirsi) u105592
050 ## - LIBRARY OF CONGRESS CALL NUMBER
Classification number 696
-- 18
100 ## - MAIN ENTRY--PERSONAL NAME
Personal name Bownass, David
245 ## - TITLE STATEMENT
Title Building services design methodology
Remainder of title a practical guide
260 ## - PUBLICATION, DISTRIBUTION, ETC.
Place of publication, distribution, etc. London
Name of publisher, distributor, etc. E and F N Spon
Date of publication, distribution, etc. 2000
300 ## - PHYSICAL DESCRIPTION
Extent xvi, 156p.
Dimensions 24cm.
350 ## - PRICE (NR) (BK AM CF MU VM SE) [OBSOLETE]
Price 27.50
520 ## - SUMMARY, ETC.
Summary, etc. A practical guide, defining the building services design process from the feasibility stage through to post construction design feedback. Areas covered include how compliant and creative design solutions are matched to the client's project requirements, encouraging design success and repair work. All advice is set in the current legal and contractual context.
650 ## - SUBJECT ADDED ENTRY--TOPICAL TERM
Topical term or geographic name entry element DESIGN BRIEFS
650 ## - SUBJECT ADDED ENTRY--TOPICAL TERM
Topical term or geographic name entry element MANAGEMENT-PROJECT MANAGEMENT
650 ## - SUBJECT ADDED ENTRY--TOPICAL TERM
Topical term or geographic name entry element FEASIBILITY STUDIES
650 ## - SUBJECT ADDED ENTRY--TOPICAL TERM
Topical term or geographic name entry element Contracts
9 (RLIN) 6232
650 ## - SUBJECT ADDED ENTRY--TOPICAL TERM
Topical term or geographic name entry element CLIENT BRIEFING
690 ## - LOCAL SUBJECT ADDED ENTRY--TOPICAL TERM (OCLC, RLIN)
Topical term or geographic name as entry element BUILT ENVIRONMENT
942 ## - ADDED ENTRY ELEMENTS (KOHA)
Suppress in OPAC 0
Holdings
Withdrawn status Lost status Source of classification or shelving scheme Damaged status Not for loan Home library Current library Shelving location Date acquired Cost, normal purchase price Total Checkouts Full call number Barcode Date last seen Date last checked out Copy number Cost, replacement price Price effective from Koha item type
    Dewey Decimal Classification     London London Books 06/11/2000 27.50 15 696 BOW 30062462 06/08/2019 11/04/2007 1 27.50 06/08/2019 Book